00366 2200157 4500245003800000020001800038250001100056100001800067650001600085005001900101260003000120041001400150084000800164300002700172336000900199 aLove CatchercRiawani ElytahText a979-780-908-9 aCet. 1 aRiawani Elyta aNovel Fiksi a20230113103115 aJakartabGagasMediac2017 aIndonesia a813 avi, 314 hlm. :c19 cm. atext